<?xml version="1.0" encoding="UTF-8"?>
<record
    xmlns:xsi="http://www.w3.org/2001/XMLSchema-instance"
    xsi:schemaLocation="http://www.loc.gov/MARC21/slim http://www.loc.gov/standards/marcxml/schema/MARC21slim.xsd"
    xmlns="http://www.loc.gov/MARC21/slim">

  <leader>00443nam a22001697a 4500</leader>
  <controlfield tag="005">20250822094558.0</controlfield>
  <datafield tag="082" ind1=" " ind2=" ">
    <subfield code="a">543 MUN</subfield>
  </datafield>
  <datafield tag="100" ind1=" " ind2=" ">
    <subfield code="a">Munasiri,B</subfield>
    <subfield code="9">710</subfield>
  </datafield>
  <datafield tag="245" ind1=" " ind2=" ">
    <subfield code="a">Analytical Chemistry -Part I</subfield>
  </datafield>
  <datafield tag="260" ind1=" " ind2=" ">
    <subfield code="a">Colombo</subfield>
    <subfield code="b">Open University</subfield>
    <subfield code="c">1989</subfield>
  </datafield>
  <datafield tag="300" ind1=" " ind2=" ">
    <subfield code="a">98p</subfield>
  </datafield>
  <datafield tag="490" ind1=" " ind2=" ">
    <subfield code="a">Course of study Leading - PSU 2116</subfield>
  </datafield>
  <datafield tag="505" ind1=" " ind2=" ">
    <subfield code="a">Bachelor Science :Level 4</subfield>
  </datafield>
  <datafield tag="650" ind1=" " ind2=" ">
    <subfield code="a"> chemistry</subfield>
    <subfield code="a">analytical  chemistry</subfield>
    <subfield code="a"> </subfield>
    <subfield code="9">653</subfield>
  </datafield>
  <datafield tag="650" ind1=" " ind2=" ">
    <subfield code="a">OUSL</subfield>
    <subfield code="9">81</subfield>
  </datafield>
  <datafield tag="942" ind1=" " ind2=" ">
    <subfield code="c">BK</subfield>
  </datafield>
  <datafield tag="999" ind1=" " ind2=" ">
    <subfield code="c">446</subfield>
    <subfield code="d">446</subfield>
  </datafield>
  <datafield tag="952" ind1=" " ind2=" ">
    <subfield code="0">0</subfield>
    <subfield code="1">0</subfield>
    <subfield code="7">0</subfield>
    <subfield code="8">NFIC</subfield>
    <subfield code="a">IC</subfield>
    <subfield code="b">IC</subfield>
    <subfield code="c">GEN</subfield>
    <subfield code="d">2015-03-11</subfield>
    <subfield code="g">450.00</subfield>
    <subfield code="l">0</subfield>
    <subfield code="o">543 MUN</subfield>
    <subfield code="p">001417</subfield>
    <subfield code="r">2015-03-11 00:00:00</subfield>
    <subfield code="y">REF</subfield>
  </datafield>
  <datafield tag="952" ind1=" " ind2=" ">
    <subfield code="0">0</subfield>
    <subfield code="1">0</subfield>
    <subfield code="7">0</subfield>
    <subfield code="8">NFIC</subfield>
    <subfield code="a">IC</subfield>
    <subfield code="b">IC</subfield>
    <subfield code="c">GEN</subfield>
    <subfield code="d">2015-03-11</subfield>
    <subfield code="g">450.00</subfield>
    <subfield code="l">10</subfield>
    <subfield code="m">1</subfield>
    <subfield code="o">543 MUN</subfield>
    <subfield code="p">001418</subfield>
    <subfield code="r">2022-11-17 00:00:00</subfield>
    <subfield code="s">2022-11-07</subfield>
    <subfield code="y">BK</subfield>
  </datafield>
  <datafield tag="952" ind1=" " ind2=" ">
    <subfield code="0">0</subfield>
    <subfield code="1">0</subfield>
    <subfield code="7">0</subfield>
    <subfield code="8">NFIC</subfield>
    <subfield code="a">IC</subfield>
    <subfield code="b">IC</subfield>
    <subfield code="c">GEN</subfield>
    <subfield code="d">2015-03-11</subfield>
    <subfield code="g">450.00</subfield>
    <subfield code="l">16</subfield>
    <subfield code="m">1</subfield>
    <subfield code="o">543 MUN</subfield>
    <subfield code="p">001419</subfield>
    <subfield code="r">2022-11-17 00:00:00</subfield>
    <subfield code="s">2020-08-16</subfield>
    <subfield code="y">BK</subfield>
  </datafield>
  <datafield tag="952" ind1=" " ind2=" ">
    <subfield code="0">0</subfield>
    <subfield code="1">0</subfield>
    <subfield code="7">0</subfield>
    <subfield code="8">NFIC</subfield>
    <subfield code="a">IC</subfield>
    <subfield code="b">IC</subfield>
    <subfield code="c">GEN</subfield>
    <subfield code="d">2015-03-11</subfield>
    <subfield code="g">450.00</subfield>
    <subfield code="l">12</subfield>
    <subfield code="o">543 MUN</subfield>
    <subfield code="p">001742</subfield>
    <subfield code="r">2023-12-15 09:50:09</subfield>
    <subfield code="s">2023-12-02</subfield>
    <subfield code="w">2015-03-11</subfield>
    <subfield code="y">BK</subfield>
  </datafield>
  <datafield tag="952" ind1=" " ind2=" ">
    <subfield code="0">0</subfield>
    <subfield code="1">0</subfield>
    <subfield code="7">0</subfield>
    <subfield code="8">NFIC</subfield>
    <subfield code="a">IC</subfield>
    <subfield code="b">IC</subfield>
    <subfield code="c">GEN</subfield>
    <subfield code="d">2015-03-11</subfield>
    <subfield code="g">450.00</subfield>
    <subfield code="l">8</subfield>
    <subfield code="m">1</subfield>
    <subfield code="o">543 MUN</subfield>
    <subfield code="p">005387</subfield>
    <subfield code="r">2023-09-16 11:44:57</subfield>
    <subfield code="s">2023-09-01</subfield>
    <subfield code="w">2015-03-11</subfield>
    <subfield code="y">BK</subfield>
  </datafield>
</record>
